000 01124nam a2200277Ia 4500
001 Z_3918
008 220601s9999 xx 000 0 und d
020 _a968-18-5305-9
082 _a575.1 G37 2000
100 _aGardner, Eldon John
_946847
240 _aPrinciples of genetics
245 _aPrincipios de genética / Eldon John Gardner, Nichael J. Simmons y D. Peter Snustad; traducción Angélica Santana Calderón
250 _a4a ed.
260 _aMéxico : Limusa Wiley
300 _axviii, 716 p.
500 _aTraducción de la obra en inglés: Principles of genetics de la 4a ed. \ La bibioteca cuenta con la 1a reimpresion de 2000, 2a reimpresión de 2002 y 3a reimpresión de 2003
503 _aej.1: C/E \ ej.2: C/E \ ej.3: C/E \ ej.4: C/E \ ej.6: C/E
504 _aIncluye bibliografía e índice
650 _a1. Genética
700 _aSimmons, Michael J. coaut. \ Snustad, D. Peter, coaut. \ Santana Calderón, Angélica, tr.Ì
_9180843
901 _a575.1 G37 2000
902 _aM
905 _a5232272000 mx adn 8221113311spa16
942 _c1
999 _c216918
_d216918